00454nam a22001577a 4500003000900000005001700009008004100026020001100067040001300078041001200091082001800103100002200121245008400143260004500227700002400272SEACOMEC20240726161041.0240726b |||||||| |||| 00| 0 eng d c299.00 aSEACOMEC aEnglish a006.454bR116 aRabiner, Lawrence aFundamentals of Speech RecognitioncLawrence Rabiner, and Biing-Hwang Juang,  a New Delhi :b Pearson Eduction, cc2003 a Juang, Biing-Hwang